000 00294nam a22001337a 4500
008 181006b xxu||||| |||| 00| 0 eng d
020 _a0944210546
041 _aeng
080 _a371
100 _a25
101 _aEDU
245 _aReading Comprehension Skills
_cLangan, J
942 _2udc
_cBK
999 _c48976
_d48976